01027cam a22002894a 4500001000500000005001700005020002500022020003100047040002300078050002000101082001100121100001900132245010200151250004600253260003500299300004700334490001600381490002500397505000800422520017300430521002000603521002000623650002200643650002100665650002400686700002700710314420251212140225.0 a9780061703683 (pbk.) a9780061703690 (trade bdg.) aDLCcDLCdDLCbeng00aPZ7.O222b 2009002813.541 aO'Connor, Jane10aThe dazzling book report /cby Jane O'Connor ; picture based on the art of Glasser, Robin Preiss  aFirst Scholastic printing, September 2010 aNew York :bScholastic, c2009 a32 pages :bcolor illustrations ; c24 cm.0 aFancy Nancy0 aI can readvLevel 1  aJ  aNancy is determined to make the cover of her very first book report as fancy as she can, but she spends so much time on it that she has no time to write about the book. a490 bLexile  aJ bRaz-Plus  1aHomeworkvFiction 1aSchoolsvFiction 1aVocabularyvFiction1 a Robin, Preiss-Glasser